banner-ar

IMAGE & REALITY: QUESTIONS AND ANSWERS ABOUT THE UNITED NATIONS, WHAT IT DOES - HOW IT WORKS - WHO PAYS FOR IT / (Record no. 15184)

MARC details
000 -الفاتح
حقل البيانات ثابتة الطول 00620nam a2200193Ia 4500
008 - عناصر البيانات ثابتة الطول - معلومات عامة
حقل البيانات ثابتة الطول 140319s9999 xx 000 0 eng d
040 ## - مصدر الفهرسة
وكالة الفهرسة الأصلية GCL /
وكالة النسخ GCL
082 04 - رقم تصنيف ديوى العشرى
رقم التصنيف 354.103
رقم المادة U I
100 1# - المدخل الرئيسى - إسم شخصى
الإسم الشخصى UNITED NATIONS
245 10 - بيان العنوان
العنوان IMAGE & REALITY: QUESTIONS AND ANSWERS ABOUT THE UNITED NATIONS, WHAT IT DOES - HOW IT WORKS - WHO PAYS FOR IT /
بيان المسئوليه,etc UNITED NATIONS
260 ## - PUBLICATION, DISTRIBUTION, ETC. (IMPRINT)
تاريخ النشر أو التوزيع 1996
300 ## - الوصف المادى
التعداد 67 P
650 04 - المدخل الاضافى بالموضوع-مصطلح موضوعى
مصطلح موضوعي UNITED NATIONS
650 04 - المدخل الاضافى بالموضوع-مصطلح موضوعى
مصطلح موضوعي UNITED NATIONS - FINANCE
650 04 - المدخل الاضافى بالموضوع-مصطلح موضوعى
مصطلح موضوعي UNITED NATIONS - MEMBERSHIP
650 04 - المدخل الاضافى بالموضوع-مصطلح موضوعى
مصطلح موضوعي UNITED NATIONS - GENERAL ASSEMBLY
942 ## - عناصر المدخل الإضافي( كوها)
مصدر التصنيف او مخطط الترفيف Dewey Decimal Classification
Koha [default] item type كتاب
260 ## - PUBLICATION, DISTRIBUTION, ETC. (IMPRINT)
-- [S.N] :
-- UNITED NATIONS ،
Holdings
حالة التراجع حالة الفقد حالة تلف ليس للاعارة المكان المؤقت الموقع الحالى تاريخ الاكتساب اجمالي اﻻعارات رقم الطلب الباركود تاريخ اخر مشاهدة تاريخ تفعيل السعر نوع وعاء كوها
        مكتبة القاهرة الكبرى مكتبة القاهرة الكبرى 03/26/2014   354.103\U I 28232 03/26/2014 03/26/2014 كتاب

Powered By

EGPV